<?xml version="1.0" encoding="UTF-8"?><?xml-stylesheet type="text/xsl" href="static/style.xsl"?><OAI-PMH xmlns="http://www.openarchives.org/OAI/2.0/" xmlns:xsi="http://www.w3.org/2001/XMLSchema-instance" xsi:schemaLocation="http://www.openarchives.org/OAI/2.0/ http://www.openarchives.org/OAI/2.0/OAI-PMH.xsd"><responseDate>2026-04-14T19:32:21Z</responseDate><request verb="GetRecord" identifier="oai:uvadoc.uva.es:10324/48643" metadataPrefix="marc">https://uvadoc.uva.es/oai/request</request><GetRecord><record><header><identifier>oai:uvadoc.uva.es:10324/48643</identifier><datestamp>2021-09-14T20:59:23Z</datestamp><setSpec>com_10324_38</setSpec><setSpec>col_10324_852</setSpec></header><metadata><record xmlns="http://www.loc.gov/MARC21/slim" xmlns:doc="http://www.lyncode.com/xoai" xmlns:xsi="http://www.w3.org/2001/XMLSchema-instance" xmlns:dcterms="http://purl.org/dc/terms/" xsi:schemaLocation="http://www.loc.gov/MARC21/slim http://www.loc.gov/standards/marcxml/schema/MARC21slim.xsd">
<leader>00925njm 22002777a 4500</leader>
<datafield tag="042" ind1=" " ind2=" ">
<subfield code="a">dc</subfield>
</datafield>
<datafield tag="720" ind1=" " ind2=" ">
<subfield code="a">López Larreta, María</subfield>
<subfield code="e">author</subfield>
</datafield>
<datafield tag="260" ind1=" " ind2=" ">
<subfield code="c">2021</subfield>
</datafield>
<datafield tag="520" ind1=" " ind2=" ">
<subfield code="a">La salud mental se trata de un concepto en auge en la sociedad actual, sobre todo en&#xd;
la sección más joven de la misma, pero que predomina en toda la población. Este concepto&#xd;
se incluye en el de paciente, donde la salud mental del mismo no solo le influye a él sino a&#xd;
todo su ambiente cercano.&#xd;
A lo largo de este trabajo se busca dejar reflejado el importante papel que tiene la&#xd;
salud mental en la vida de las personas, en su calidad de vida, y como interviene grave y&#xd;
directamente en su relación con el entorno. Específicamente, se centra en la esclerosis&#xd;
múltiple (EM), una enfermedad neurológica de carácter autoinmune, crónico y&#xd;
desmielinizante; la cual, debido a su gran variabilidad de representación, puede generar&#xd;
muchos problemas en este nivel a las personas que la sufren.&#xd;
A través de un arduo trabajo de investigación basado en el análisis de artículos, junto&#xd;
con la evaluación e investigación de dos casos muy diferenciados de esta patología, se&#xd;
profundiza en la utilización de prácticas de ayuda a la salud mental en los tratamientos&#xd;
logopédicos.</subfield>
</datafield>
<datafield tag="024" ind2=" " ind1="8">
<subfield code="a">https://uvadoc.uva.es/handle/10324/48643</subfield>
</datafield>
<datafield ind1=" " ind2=" " tag="653">
<subfield code="a">Logopedia</subfield>
</datafield>
<datafield ind1=" " ind2=" " tag="653">
<subfield code="a">Esclerosis en placas</subfield>
</datafield>
<datafield tag="245" ind1="0" ind2="0">
<subfield code="a">Salud mental en la esclerosis múltiple: comparativa de casos. El trabajo de la logopedia y cómo enfocarlo</subfield>
</datafield>
</record></metadata></record></GetRecord></OAI-PMH>